Eschyle, Xénophon et Virgile : (Record no. 153300)

MARC details
000 -LEADER
campo de control de longitud fija 00889nam a2200229 i 4500
001 - NÚMERO DE CONTROL
campo de control 153300
003 - IDENTIFICADOR DE NÚMERO DE CONTROL
campo de control ES-MaACL
005 - FECHA Y HORA DE LA ÚLTIMA TRANSACCIÓN
campo de control 20250704063119.0
008 - DATOS DE LONGITUD FIJA--INFORMACIÓN GENERAL
campo de control de longitud fija 040916s1872 fr |||| | fre d
040 ## - FUENTE DE CATALOGACIÓN
Centro catalogador/agencia de origen CAM
Lengua de catalogación spa
Centro/agencia transcriptor CAM
100 1# - ENTRADA PRINCIPAL--NOMBRE DE PERSONA
Nombre de persona Courdaveax, Victor.
Término indicativo de función/relación Autor
9 (RLIN) 126623
245 10 - MENCIÓN DEL TÍTULO
Título Eschyle, Xénophon et Virgile :
Resto del título études philosophiques et littéraires /
Mención de responsabilidad, etc. par V. Courdaveaux.
260 ## - PUBLICACIÓN, DISTRIBUCIÓN, ETC.
Lugar de publicación, distribución, etc. Paris :
Nombre del editor, distribuidor, etc. Didier & c\pie\s :
-- Pédone-Lauriel,
Fecha de publicación, distribución, etc. 1872 (
Lugar de fabricación/manufactura Douai :
Fabricante Imp. Ceret-Carpentier)
300 ## - DESCRIPCIÓN FÍSICA
Extensión X, 368 p. ;
Dimensiones 22 cm.
600 04 - PUNTO DE ACCESO ADICIONAL DE MATERIA--NOMBRE DE PERSONA
Nombre de persona Esquilo.
9 (RLIN) 47970
600 04 - PUNTO DE ACCESO ADICIONAL DE MATERIA--NOMBRE DE PERSONA
Nombre de persona Jenofonte.
9 (RLIN) 66312
600 14 - PUNTO DE ACCESO ADICIONAL DE MATERIA--NOMBRE DE PERSONA
Nombre de persona Virgilio Marón, Publio.
9 (RLIN) 115452
852 ## - LOCALIZACIÓN
Ubicación ES-MaACL
Ubicación en estantería Sala Valle Inclán
Anotaciones manuscritas Firma autógrafa de Antonio Aura Boronat, Madrid junio 1874
Donativo/Legado Donativo de Antonio Aura Boronat
Número de control de estantería D-5015(2)
Encuadernación Holandesa
942 ## - ELEMENTOS DE ENTRADA SECUNDARIOS (KOHA)
Fuente del sistema de clasificación o colocación Clasificación decimal universal
Tipo de ítem Koha Libro impreso antiguo
Suprimir en OPAC No
Holdings
Estatus retirado Estado de pérdida Fuente del sistema de clasificación o colocación Estado de daño No para préstamo Colección Biblioteca de origen Biblioteca actual Ubicación en estantería Fecha de adquisición Fuente de adquisición Total de préstamos Signatura topográfica completa Código de barras Visto por última vez Tipo de ítem Koha
    Clasificación decimal universal     Libros del s. XIX Biblioteca del Ateneo de Madrid Biblioteca del Ateneo de Madrid Sala Valle Inclán 17/01/2008 Donación   D-5015(2) 901160206 23/02/2023 Libro impreso antiguo